000 00523cam a2200193 4500
001 D6185
008 090401t1980 xxu||||| |||| 00| 0 eng d
035 _a(Sirsi) u89381
041 _aeng
050 _a692.8
110 _aJoint Contracts Tribunal
_93664
245 _aStandard form of building contract 1980 edition: private without quantities
260 _aLondon
_bRIBA
_c1980
300 _a59p. 30cm
350 _a5.18
520 _aFiled in box JCT 1980/4 A (Archives only)
942 _n0
948 _c04/03/1997
999 _c97458
_d97458